Gua̕ integral para mejor probar la violencia de gňero

Detalles Bibliográficos
Autor principal: Muǫz Sabat,̌ Lluis
Formato: eBook
Lenguaje:español
Publicado: Barcelona: J.M. Bosch Editor, 2019
Materias:
Acceso en línea:Acceso restringido

MARC

LEADER 00000nam a22000007a 4500
005 20200302224736.0
007 cr|||| ||||
008 200302s2019 es |||||s|||| 00||0 spa d
020 |a 978-84-120770-9-4 
035 |a 31105 
040 |a vLex 
090 |c 10144  |d 10144 
100 1 |a Muǫz Sabat,̌ Lluis 
245 1 0 |a Gua̕ integral para mejor probar la violencia de gňero  |h [Recurso electrn̤ico] /  |c Lluis Muǫz Sabať 
256 |a Servicio en ln̕ea 
260 |a Barcelona:  |b J.M. Bosch Editor,  |c 2019 
300 |a 1 recurso electrn̤ico 
500 |a La llamada violencia de gňero, que se traduce en alguna especie de maltrato, fs̕ico y/o psq̕uico contra la mujer, puede llegar a realizarse de una manera tan sutil que diiculta su prueba ante los tribunales y cuenta solamente con el testimonio de la propia vc̕tima. De ah ̕que uno de los pasos necesarios sea construir un complicado algoritmo como el que se muestra en esta obra y que facilite al jurista la necesaria evidencia. 
506 1 |a Disponible solo en los productos indicados  |d vLex Global  |d vLex Global (Academic Edition, excluding Law Schools)  |d vLex Global (U.S. Academic Edition, Law Schools)  |d vLex Global (U.S. Academic Edition, excluding Law Schools)  |d vLex Global (Academic Edition, Law Schools) 
650 0 4 |a Derecho Penal  |z Espaą 
650 0 4 |a Procedimiento Penal  |z Espaą 
740 0 |a vLex Libros (Servicio en ln̕ea) 
856 4 0 |u http://vlex.com/source/guia-integral-para-mejor-probar-la-violencia-de-genero-31105  |z Acceso restringido 
942 |c BOOK 
999 0 |a Criminal Law 
999 0 |a Criminal Procedure